Globálna ekonomika si na predkrízovú úroveň počká

Bibliographic Details
Main Author: Hölcz, Róbert (Author)
Format: Article
Language:Slovak
ISSN:1336-393X
Subjects:

MARC

LEADER 00000nab a2200000 a 4500
001 vtls010058055
003 SK-MaSNL
005 20260304161833.0
008 250507c2009 xo mr|p|||||||000 b|slo
015 |a SNBRB2010/01  |2 snkbucl 
035 |a urn:nbn:sk:snk-ab8bzv 
035 |a (urnnbn)urn:nbn:sk:snk:ar-a07vr7 
035 |a (uuid)16b9dfa4-cfcb-47d5-a0fe-99bb4dc7d67c 
038 |a SNKBUCL 
040 |a SNKBUCL  |b slo  |c SNKBUCL  |e AACR2 
041 0 |a slo 
044 |a xo  |c SK 
080 |a 338.124.4:336.71  |x (100)  |2 2001 
080 |a 336.71  |x (100)  |2 2001 
100 1 |a Hölcz, Róbert  |4 aut  |9 711665 
245 1 0 |a Globálna ekonomika si na predkrízovú úroveň počká  |c Róbert Hölcz 
650 0 7 |a svetová ekonomika  |2 snkbucl  |9 3976 
650 0 7 |a bankovníctvo  |2 snkbucl  |9 2101 
650 0 7 |a globálna hospodárska kríza  |2 snkbucl  |9 182596 
773 0 |t Eurobiznis  |g Roč. 9., č. 12 (2009), s. 12-13  |x 1336-393X 
850 |a Slovenská národná knižnica 
852 |a Slovenská národná knižnica 
954 |a odborná, vedecká literatúra pôvodná (slovenská)  |2 lita 
958 |a article9 
958 |a OND 
958 |a EUIPO 
999 |c 2972425  |d 2974355